Physical Education and Exercise Sciences; (Record no. 199505)

MARC details
000 -LEADER
fixed length control field 00882nam a22002057a 4500
005 - DATE AND TIME OF LATEST TRANSACTION
control field 20231219150421.0
008 - FIXED-LENGTH DATA ELEMENTS--GENERAL INFORMATION
fixed length control field 110317t xxu||||| |||| 00| 0 eng d
010 ## - LCCN (DPL NO)
LC control number B-756702-708 ENG-18.10.23
020 ## - INTERNATIONAL STANDARD BOOK NUMBER
International Standard Book Number 9789393781536
Terms of availability 600.00
035 ## - SYSTEM CONTROL NUMBER
System control number B-756702-708
037 ## - SOURCE OF ACQUISITION
Source of stock number/acquisition Pansy Books
082 ## - DEWEY DECIMAL CLASSIFICATION NUMBER
Classification number 371.73
100 1# - MAIN ENTRY--PERSONAL NAME
9 (RLIN) 26630
Personal name Kamlesh, M.L.
245 10 - TITLE STATEMENT
Title Physical Education and Exercise Sciences;
Remainder of title [An Objective Approach] 2nd Revised and Updated Edition/
Statement of responsibility, etc By - M.L. Kamlesh
260 ## - PUBLICATION, DISTRIBUTION, ETC. (IMPRINT)
Place of publication, distribution, etc Delhi
Name of publisher, distributor, etc Sports Publication
Date of publication, distribution, etc 2024
270 ## - ADDRESS
Address 7/26, Ground Floor, Ansari Road, Darya Ganj,
City Delhi
Postal code 110002
300 ## - PHYSICAL DESCRIPTION
Extent 452p.
Dimensions 24cm (pbk)
942 ## - ADDED ENTRY ELEMENTS (KOHA)
Source of classification or shelving scheme Dewey Decimal Classification
Item type English Books
Call number suffix KAM
Classification part 371.73
Holdings
Withdrawn status Lost status Source of classification or shelving scheme Damaged status Not for loan Collection code Home library Current library Date acquired Source of acquisition Cost, normal purchase price Total Checkouts Full call number Barcode Date last seen Copy number Cost, replacement price Koha item type Total Renewals
    Dewey Decimal Classification     Non-fiction Ashok Vihar Ashok Vihar 19/12/2023 Pansy Books/187/5.12.23/44/23.11.23/6.12.23 600.00   KAM 371.73 B-756703 19/12/2023 1 600.00 English Books  
    Dewey Decimal Classification     Non-fiction Bawana Bawana 19/12/2023 Pansy Books/187/5.12.23/44/23.11.23/6.12.23 600.00 3 KAM 371.73 B-756707 15/07/2024 1 600.00 English Books 1
    Dewey Decimal Classification     Non-fiction Central Library Central Library 19/12/2023 Pansy Books/187/5.12.23/44/23.11.23/6.12.23 600.00 1 KAM 371.73 B-756702 02/04/2026 1 600.00 English Books  
    Dewey Decimal Classification     Non-fiction Diz Area Diz Area 19/12/2023 Pansy Books/187/5.12.23/44/23.11.23/6.12.23 600.00   KAM 371.73 B-756705 19/12/2023 1 600.00 English Books  
    Dewey Decimal Classification     Non-fiction Peshwa Road Peshwa Road 19/12/2023 Pansy Books/187/5.12.23/44/23.11.23/6.12.23 600.00   KAM 371.73 B-756704 19/12/2023 1 600.00 English Books  
    Dewey Decimal Classification     Non-fiction Sarojini Nagar Sarojini Nagar 19/12/2023 Pansy Books/187/5.12.23/44/23.11.23/6.12.23 600.00   KAM 371.73 B-756706 19/12/2023 1 600.00 English Books  
    Dewey Decimal Classification     Non-fiction Shahdara Branch Shahdara Branch 19/12/2023 Pansy Books/187/5.12.23/44/23.11.23/6.12.23 600.00   KAM 371.73 B-756708 19/12/2023 1 600.00 English Books  

© Delhi Public Library
Hit Counter
free hit counter